[Event "Forchheim op-B 14th"]
[Site "Forchheim"]
[Date "2015.10.03"]
[Round "2"]
[White "Braun, Kristin"]
[Black "Breitenbach, Joachim"]
[Result "1-0"]
[WhiteElo "1735"]
[BlackElo "2045"]
[PlyCount "99"]
[EventDate "2015.10.02"]
[EventType "swiss"]
[EventRounds "5"]
[EventCountry "GER"]
[SourceTitle "EXT 2019"]
[Source "ChessBase"]
[SourceDate "2018.10.10"]
[SourceVersion "1"]
[SourceVersionDate "2018.10.10"]
[SourceQuality "1"]

1. d4 Nf6 2. Nf3 b6 3. e3 Bb7 4. Bd3 d5 5. b3 e6 6. Bb2 Be7 7. 0-0 0-0 8. Ne5 c5 9. Nd2 cxd4 10. exd4 Nc6 11. a3 Rc8 12. f4 Bd6 13. Rf3 Ne7 14. Rh3 Ng6 15. Qf3 Rc7 16. Rf1 Qe7 17. a4 Rfc8 18. f5 Nf8 19. fxe6 fxe6 20. Ng4 Ne4 21. Nxe4 dxe4 22. Bxe4 Bxe4 23. Qxe4 Rxc2 24. Rxf8+ Kxf8 25. Rxh7 Qf7 26. Rh8+ Ke7 27. Rxc8 Rxc8 28. Ba3 Rd8 29. Ne5 Qh5 30. Nc6+ Kd7 31. Bxd6 Qd1+ 32. Kf2 Qd2+ 33. Kg3 Qc3+ 34. Kg4 Qxc6 35. Qxc6+ Kxc6 36. Be5 b5 37. Kg5 bxa4 38. bxa4 Rf8 39. h4 Rf2 40. g4 Ra2 41. Bxg7 Rxa4 42. h5 Ra2 43. h6 Rh2 44. Kg6 Kd5 45. Bf8 Kxd4 46. h7 e5 47. Bg7 a5 48. h8Q Rxh8 49. Bxh8 a4 50. Kf5 1-0

[Event "Unterfranken-ch M2 58th"]
[Site "Wuerzburg"]
[Date "2007.??.??"]
[Round "3"]
[White "Breitenbach, Joachim"]
[Black "Bakalinsky, Boris"]
[Result "1/2-1/2"]
[WhiteElo "1784"]
[BlackElo "1883"]
[PlyCount "31"]
[EventDate "2007.04.09"]
[EventType "swiss"]
[EventRounds "9"]
[EventCountry "GER"]
[SourceTitle "EXT 2015"]
[Source "ChessBase"]
[SourceDate "2014.11.20"]
[SourceVersion "1"]
[SourceVersionDate "2014.11.20"]
[SourceQuality "1"]

1. e4 c5 2. Nc3 Nc6 3. g3 g6 4. Bg2 Bg7 5. Nf3 e6 6. 0-0 Nge7 7. d3 0-0 8. Be3 Nd4 9. Qd2 Nec6 10. Rac1 d5 11. exd5 exd5 12. Bh6 Nxf3+ 13. Bxf3 Ne5 14. Bg2 Be6 15. Bxg7 Kxg7 16. Rce1 1/2-1/2

[Event "Unterfranken-ch M2 58th"]
[Site "Wuerzburg"]
[Date "2007.??.??"]
[Round "1"]
[White "Breitenbach, Joachim"]
[Black "Mueller, Lutz"]
[Result "0-1"]
[WhiteElo "1784"]
[BlackElo "1944"]
[PlyCount "71"]
[EventDate "2007.04.09"]
[EventType "swiss"]
[EventRounds "9"]
[EventCountry "GER"]
[SourceTitle "EXT 2015"]
[Source "ChessBase"]
[SourceDate "2014.11.20"]
[SourceVersion "1"]
[SourceVersionDate "2014.11.20"]
[SourceQuality "1"]

1. e4 c5 2. Nf3 d6 3. d4 cxd4 4. Nxd4 Nf6 5. Nc3 g6 6. Be2 Bg7 7. 0-0 0-0 8. Be3 Nc6 9. f4 Qb6 10. Na4 Qa5 11. Nc3 Qb4 12. a3 Qb6 13. Na4 Qc7 14. Bf3 a6 15. c4 e5 16. Ne2 b5 17. cxb5 axb5 18. Nac3 Qb8 19. Rc1 Na5 20. b3 Be6 21. Rb1 b4 22. axb4 Qxb4 23. Na2 Qa3 24. Bc1 Qc5+ 25. Kh1 Nxb3 26. Nac3 Rfb8 27. fxe5 dxe5 28. Nd5 Nd4 29. Rxb8+ Rxb8 30. Nxf6+ Bxf6 31. Nxd4 exd4 32. Bh6 Be5 33. Be2 Rb2 34. Bd3 Ra2 35. Qf3 Qc3 36. Rc1 0-1

[Event "Unterfranken-ch M2 58th"]
[Site "Wuerzburg"]
[Date "2007.??.??"]
[Round "8"]
[White "Breitenbach, Joachim"]
[Black "Seubert, Karl"]
[Result "1/2-1/2"]
[WhiteElo "1784"]
[BlackElo "1842"]
[PlyCount "35"]
[EventDate "2007.04.09"]
[EventType "swiss"]
[EventRounds "9"]
[EventCountry "GER"]
[SourceTitle "EXT 2015"]
[Source "ChessBase"]
[SourceDate "2014.11.20"]
[SourceVersion "1"]
[SourceVersionDate "2014.11.20"]
[SourceQuality "1"]

1. e4 c5 2. Nc3 Nc6 3. g3 d6 4. Bg2 g6 5. d3 Bg7 6. Nge2 e5 7. 0-0 Nge7 8. f4 0-0 9. Be3 f6 10. Qd2 Be6 11. fxe5 fxe5 12. Rxf8+ Bxf8 13. Nd5 Bg7 14. Nec3 Qd7 15. Rf1 Bxd5 16. Nxd5 Nxd5 17. exd5 Ne7 18. Bg5 1/2-1/2

[Event "Unterfranken-ch M2 58th"]
[Site "Wuerzburg"]
[Date "2007.??.??"]
[Round "4"]
[White "Markert, Markus"]
[Black "Breitenbach, Joachim"]
[Result "1/2-1/2"]
[WhiteElo "1821"]
[BlackElo "1784"]
[PlyCount "68"]
[EventDate "2007.04.09"]
[EventType "swiss"]
[EventRounds "9"]
[EventCountry "GER"]
[SourceTitle "EXT 2015"]
[Source "ChessBase"]
[SourceDate "2014.11.20"]
[SourceVersion "1"]
[SourceVersionDate "2014.11.20"]
[SourceQuality "1"]

1. e4 c5 2. d4 cxd4 3. Nf3 Nc6 4. Bc4 e6 5. Nxd4 Nf6 6. Nc3 Be7 7. Bb3 0-0 8. a3 d5 9. exd5 exd5 10. 0-0 Bg4 11. f3 Bc5 12. Nce2 Nxd4 13. Nxd4 Qb6 14. c3 Be6 15. Be3 Rfe8 16. Bf2 Bd7 17. a4 Re5 18. a5 Qa6 19. Ba4 Bxa4 20. Qxa4 Rae8 21. b4 Bxd4 22. Bxd4 Re2 23. b5 Qd6 24. Bxa7 Nh5 25. Qg4 Nf4 26. Bf2 R8e6 27. a6 bxa6 28. Rxa6 Qb8 29. Rxe6 fxe6 30. g3 Nd3 31. Bd4 e5 32. Qe6+ Kh8 33. Bb6 Rb2 34. Qxd5 Qxb6+ 1/2-1/2

[Event "Unterfranken-ch M2 58th"]
[Site "Wuerzburg"]
[Date "2007.??.??"]
[Round "6"]
[White "Nahler, Michael"]
[Black "Breitenbach, Joachim"]
[Result "1/2-1/2"]
[WhiteElo "1717"]
[BlackElo "1784"]
[PlyCount "55"]
[EventDate "2007.04.09"]
[EventType "swiss"]
[EventRounds "9"]
[EventCountry "GER"]
[SourceTitle "EXT 2015"]
[Source "ChessBase"]
[SourceDate "2014.11.20"]
[SourceVersion "1"]
[SourceVersionDate "2014.11.20"]
[SourceQuality "1"]

1. e4 c5 2. Nf3 Nc6 3. d4 cxd4 4. Nxd4 Nf6 5. Nc3 e5 6. Ndb5 d6 7. Bg5 a6 8. Na3 Be6 9. Nc4 Rc8 10. Bxf6 gxf6 11. Ne3 Bh6 12. Ncd5 0-0 13. c3 Bxe3 14. Nxe3 Kh8 15. Be2 Ne7 16. Bf3 Rg8 17. 0-0 Qd7 18. Qd3 f5 19. exf5 Nxf5 20. Nd5 Bxd5 21. Bxd5 Rg7 22. Rad1 Nh4 23. Kh1 f5 24. Qh3 Ng6 25. g3 Rf8 26. Bg2 Qe7 27. Qh6 f4 28. Rd5 1/2-1/2

[Event "Unterfranken-ch M2 58th"]
[Site "Wuerzburg"]
[Date "2007.??.??"]
[Round "7"]
[White "Werner, Stefan1111"]
[Black "Breitenbach, Joachim"]
[Result "0-1"]
[WhiteElo "1606"]
[BlackElo "1784"]
[PlyCount "68"]
[EventDate "2007.04.09"]
[EventType "swiss"]
[EventRounds "9"]
[EventCountry "GER"]
[SourceTitle "EXT 2015"]
[Source "ChessBase"]
[SourceDate "2014.11.20"]
[SourceVersion "1"]
[SourceVersionDate "2014.11.20"]
[SourceQuality "1"]

1. d4 Nf6 2. c4 e6 3. Nc3 Bb4 4. Bd2 b6 5. a3 Bxc3 6. Bxc3 0-0 7. Nf3 Bb7 8. g3 d5 9. cxd5 exd5 10. Bg2 Nbd7 11. b4 Ne4 12. Bb2 c5 13. bxc5 bxc5 14. dxc5 Qa5+ 15. Kf1 Ndxc5 16. Bh3 Na4 17. Bd4 Nac3 18. Bxc3 Nxc3 19. Qd2 d4 20. Kg2 Rad8 21. Rhc1 Rfe8 22. Re1 Qh5 23. g4 Qd5 24. Qd3 Rd6 25. Kf1 Ba6 26. Qd2 Qxf3 27. Bg2 Rxe2 28. Bxf3 Rxd2+ 29. Kg2 g6 30. h4 Be2 31. Bxe2 Rxe2 32. Rxe2 Nxe2 33. Ra2 d3 34. Kf3 d2 0-1

[Event "Unterfranken-ch M1 56th"]
[Site "Stetten"]
[Date "2005.04.01"]
[Round "8"]
[White "Kwossek, Georg"]
[Black "Breitenbach, Joachim"]
[Result "1/2-1/2"]
[WhiteElo "1908"]
[BlackElo "1858"]
[PlyCount "38"]
[EventDate "2005.03.28"]
[EventType "swiss"]
[EventRounds "9"]
[EventCountry "GER"]
[SourceTitle "EXT 2015"]
[Source "ChessBase"]
[SourceDate "2014.11.20"]
[SourceVersion "1"]
[SourceVersionDate "2014.11.20"]
[SourceQuality "1"]

1. d4 Nf6 2. Nf3 b6 3. c4 e6 4. g3 Bb7 5. Bg2 Be7 6. 0-0 0-0 7. Nc3 d5 8. Ne5 Nbd7 9. Qa4 c5 10. Nxd7 Nxd7 11. cxd5 cxd4 12. Qxd4 Bf6 13. Qd2 Bxc3 14. bxc3 Bxd5 15. Bxd5 exd5 16. Qxd5 Nf6 17. Qd4 Re8 18. Qxd8 Raxd8 19. Re1 Ne4 1/2-1/2

[Event "Unterfranken-ch M1 56th"]
[Site "Stetten"]
[Date "2005.03.30"]
[Round "5"]
[White "Breitenbach, Joachim"]
[Black "Mueller, Siegmund"]
[Result "1/2-1/2"]
[WhiteElo "1858"]
[BlackElo "2006"]
[PlyCount "58"]
[EventDate "2005.03.28"]
[EventType "swiss"]
[EventRounds "9"]
[EventCountry "GER"]
[SourceTitle "EXT 2015"]
[Source "ChessBase"]
[SourceDate "2014.11.20"]
[SourceVersion "1"]
[SourceVersionDate "2014.11.20"]
[SourceQuality "1"]

1. e4 e5 2. Nf3 Nf6 3. Nxe5 d6 4. Nf3 Nxe4 5. Qe2 Qe7 6. d3 Nf6 7. Bg5 Nbd7 8. Nc3 h6 9. Bh4 g5 10. Bg3 Nh5 11. Nd5 Qxe2+ 12. Bxe2 Kd8 13. Nd2 Nxg3 14. fxg3 Bg7 15. 0-0-0 Nc5 16. Nb3 Na4 17. c3 c6 18. Nb4 a5 19. Nc2 Be6 20. d4 Nb6 21. Kb1 Re8 22. Rde1 Nc4 23. Bh5 Re7 24. Re2 a4 25. Nc1 Bf5 26. Rhe1 Nd2+ 27. Ka1 Rxe2 28. Rxe2 Bxc2 29. Rxd2 Bg6 1/2-1/2

[Event "Unterfranken-ch M2 55th"]
[Site "Bad Koenigshofen"]
[Date "2004.04.16"]
[Round "7"]
[White "Drewes, Thomas"]
[Black "Breitenbach, Joachim"]
[Result "1/2-1/2"]
[WhiteElo "1821"]
[BlackElo "1842"]
[PlyCount "128"]
[EventDate "2004.04.12"]
[EventType "swiss"]
[EventRounds "9"]
[EventCountry "GER"]
[SourceTitle "EXT 2015"]
[Source "ChessBase"]
[SourceDate "2014.11.20"]
[SourceVersion "1"]
[SourceVersionDate "2014.11.20"]
[SourceQuality "1"]

1. c4 Nf6 2. g3 e6 3. Bg2 c5 4. Nf3 Nc6 5. Nc3 Be7 6. 0-0 d5 7. cxd5 exd5 8. d4 0-0 9. e3 Bg4 10. h3 Bh5 11. Ne2 Bg6 12. dxc5 Be4 13. Bd2 Bxc5 14. Rc1 Qe7 15. a3 Rac8 16. b4 Bd6 17. Bc3 Ne5 18. Nxe5 Bxg2 19. Kxg2 Bxe5 20. Bxe5 Qxe5 21. Qd4 Qe4+ 22. Qxe4 dxe4 23. g4 h6 24. Kg3 g5 25. Rxc8 Rxc8 26. Rc1 Rxc1 27. Nxc1 Nd5 28. Nb3 Nc3 29. Nd4 Kg7 30. h4 b6 31. Nf5+ Kh7 32. Nd6 Kg7 33. Nc8 Nb5 34. a4 Nc3 35. a5 bxa5 36. bxa5 Nb5 37. Ne7 Nd6 38. h5 f6 39. a6 Kf7 40. Nc6 Nc8 41. Nd4 Nd6 42. f3 exf3 43. Kxf3 Ke8 44. e4 Kd7 45. Nf5 Nf7 46. Ke3 Kc7 47. Ne7 Kd7 48. Nd5 Ke6 49. Kd4 Ne5 50. Ne3 Nc6+ 51. Kc5 Ne5 52. Nf5 Nxg4 53. Kc6 Nf2 54. Nxh6 Nxe4 55. Kb7 Nc5+ 56. Kxa7 f5 57. Ng8 g4 58. h6 Kf7 59. Ne7 g3 60. Nxf5 g2 61. h7 g1Q 62. h8Q Nd7+ 63. Qd4 Qxd4+ 64. Nxd4 Nc5 1/2-1/2

[Event "Unterfranken-ch M2 55th"]
[Site "Bad Koenigshofen"]
[Date "2004.04.12"]
[Round "1"]
[White "Menninger, Gerd"]
[Black "Breitenbach, Joachim"]
[Result "0-1"]
[WhiteElo "1694"]
[BlackElo "1842"]
[PlyCount "44"]
[EventDate "2004.04.12"]
[EventType "swiss"]
[EventRounds "9"]
[EventCountry "GER"]
[SourceTitle "EXT 2015"]
[Source "ChessBase"]
[SourceDate "2014.11.20"]
[SourceVersion "1"]
[SourceVersionDate "2014.11.20"]
[SourceQuality "1"]

1. e4 c5 2. Nf3 Nc6 3. d4 cxd4 4. Nxd4 Nf6 5. Nc3 e5 6. Ndb5 d6 7. Bg5 a6 8. Bxf6 gxf6 9. Na3 Be6 10. Nd5 Bg7 11. Nc4 0-0 12. Bd3 f5 13. Qh5 fxe4 14. Bxe4 f5 15. Bf3 e4 16. Bxe4 fxe4 17. 0-0-0 Rf5 18. Qg4 Re5 19. Qg3 Rxd5 20. Rxd5 Bxd5 21. Nxd6 Qf6 22. c3 Ne5 0-1

[Event "Seebach op 14th"]
[Site "Grossenseebach"]
[Date "2003.06.19"]
[Round "1"]
[White "Breitenbach, Joachim"]
[Black "Roeckl, Adelbert"]
[Result "1/2-1/2"]
[WhiteElo "1825"]
[BlackElo "1391"]
[PlyCount "60"]
[EventDate "2003.06.19"]
[EventType "swiss"]
[EventRounds "7"]
[EventCountry "GER"]
[SourceTitle "EXT 2018"]
[Source "ChessBase"]
[SourceDate "2017.10.13"]
[SourceVersion "1"]
[SourceVersionDate "2017.10.13"]
[SourceQuality "1"]

1. e4 c6 2. d4 d5 3. Nc3 dxe4 4. Nxe4 Nd7 5. Bd3 Ngf6 6. Ne2 e6 7. 0-0 Nxe4 8. Bxe4 Nf6 9. Bf3 Be7 10. b3 0-0 11. c4 Bd7 12. Bb2 Qc7 13. Ng3 Rfd8 14. Qe2 Bf8 15. Rad1 g6 16. Rd3 Bg7 17. Rfd1 Re8 18. Qe5 Qd8 19. Qf4 Qe7 20. Bc3 Rec8 21. Re1 Ne8 22. Ne4 b6 23. c5 b5 24. Bd2 h6 25. Qg3 Kh7 26. Bf4 f5 27. Nd6 Nxd6 28. Bxd6 Qg5 29. Qxg5 hxg5 30. d5 cxd5 1/2-1/2

[Event "Forchheim DWZ op"]
[Site "Forchheim"]
[Date "2002.09.22"]
[Round "4"]
[White "Breitenbach, Joachim"]
[Black "Geier, Erhardt"]
[Result "1-0"]
[WhiteElo "1846"]
[BlackElo "1729"]
[PlyCount "120"]
[EventDate "2002.09.20"]
[EventType "swiss"]
[EventRounds "5"]
[EventCountry "GER"]
[SourceTitle "CBM 090 Extra"]
[Source "ChessBase"]
[SourceDate "2002.11.07"]
[SourceVersion "1"]
[SourceVersionDate "2002.11.07"]
[SourceQuality "1"]

1. e4 d5 2. exd5 Nf6 3. d4 Bg4 4. Be2 Bxe2 5. Nxe2 Qxd5 6. 0-0 Nc6 7. c3 0-0-0 8. Be3 e5 9. Nd2 exd4 10. cxd4 Qh5 11. Nf3 Nd5 12. Rc1 f6 13. Qa4 Nb6 14. Qc2 Bd6 15. Nf4 Qf7 16. d5 Nb4 17. Qb3 g5 18. Ne6 Rd7 19. Bxb6 axb6 20. Rfd1 Kb8 21. g3 Re8 22. Nfd4 Bc5 23. Nb5 Nxd5 24. Qa4 Rd6 25. Qa7+ Kc8 26. Nxd6+ Bxd6 27. Qa8+ Kd7 28. Qxb7 Qxe6 29. Qc6+ Ke7 30. Qxd5 Qxd5 31. Rxd5 Kd7 32. Kf1 h6 33. Re1 Ra8 34. a3 Kc6 35. Rd3 Be5 36. Rc1+ Kb7 37. Rc2 h5 38. Rd7 Ra4 39. Ke2 h4 40. Ke3 hxg3 41. hxg3 Bd6 42. Kd3 Ra5 43. Rf7 Rf5 44. Ke4 Re5+ 45. Kf3 Re6 46. Kg4 Be7 47. f4 gxf4 48. gxf4 Kc8 49. Kf5 Re1 50. Rd2 Re3 51. Rxe7 Rxe7 52. Kxf6 Re1 53. f5 Rf1 54. Ke6 Re1+ 55. Kf7 Rf1 56. f6 Rf3 57. Ke7 Re3+ 58. Kf8 Rf3 59. f7 Rf1 60. Re2 Kd7 1-0

[Event "Forchheim DWZ op"]
[Site "Forchheim"]
[Date "2002.09.20"]
[Round "1"]
[White "Balhar, Michael"]
[Black "Breitenbach, Joachim"]
[Result "0-1"]
[WhiteElo "1605"]
[BlackElo "1846"]
[PlyCount "104"]
[EventDate "2002.09.20"]
[EventType "swiss"]
[EventRounds "5"]
[EventCountry "GER"]
[SourceTitle "CBM 090 Extra"]
[Source "ChessBase"]
[SourceDate "2002.11.07"]
[SourceVersion "1"]
[SourceVersionDate "2002.11.07"]
[SourceQuality "1"]

1. d4 Nf6 2. Nf3 b6 3. g3 Bb7 4. Bg2 e6 5. 0-0 Be7 6. c4 0-0 7. Nc3 d5 8. cxd5 exd5 9. Bg5 Nbd7 10. Rc1 Rc8 11. a3 c5 12. Ne5 Nxe5 13. dxe5 Ng4 14. Bxe7 Qxe7 15. Qa4 d4 16. Qxa7 dxc3 17. Rxc3 Rc7 18. Qxb6 Bxg2 19. Kxg2 Qxe5 20. a4 Rfc8 21. a5 Qxe2 22. h3 Rc6 23. Qb7 Nf6 24. Re3 Qa6 25. Rb3 Qxb7 26. Rxb7 Ra6 27. Rc1 Rxa5 28. b4 Raa8 29. bxc5 Rc6 30. Ra1 Rf8 31. Rc1 g6 32. Rc4 Nd5 33. Rc1 Rfc8 34. Rb5 Nc7 35. Rb6 Ne6 36. Rxc6 Rxc6 37. Rb1 Rxc5 38. Rb2 Kg7 39. Ra2 Nd4 40. Rd2 Ne6 41. Ra2 Kf6 42. g4 g5 43. Ra3 Rc2 44. Rf3+ Nf4+ 45. Kg3 Ke5 46. Re3+ Kd6 47. Re8 Rc3+ 48. Re3 Rxe3+ 49. fxe3 Ng6 50. Kf3 Ke5 51. e4 f6 52. Ke3 Nf4 0-1

[Event "Seebach op 13th"]
[Site "Grossenseebach"]
[Date "2002.06.01"]
[Round "6"]
[White "Breitenbach, Joachim"]
[Black "Vogiatzis, Joannis"]
[Result "1/2-1/2"]
[WhiteElo "1846"]
[BlackElo "1948"]
[PlyCount "56"]
[EventDate "2002.05.30"]
[EventType "swiss"]
[EventRounds "7"]
[EventCountry "GER"]
[SourceTitle "EXT 2018"]
[Source "ChessBase"]
[SourceDate "2017.10.13"]
[SourceVersion "1"]
[SourceVersionDate "2017.10.13"]
[SourceQuality "1"]

1. e4 d6 2. d4 Nf6 3. Nc3 g6 4. Be2 Bg7 5. Bg5 h6 6. Bh4 0-0 7. f4 c6 8. Nf3 Nbd7 9. 0-0 b5 10. e5 Ne8 11. Ne4 Nb6 12. b3 Bf5 13. Ng3 Bg4 14. h3 Be6 15. Bd3 Qd7 16. Qd2 dxe5 17. dxe5 Bd5 18. Rad1 a6 19. Ne4 f5 20. Nc5 Qc7 21. Nd4 Rf7 22. Qa5 Qa7 23. Bf2 Nc7 24. e6 Rff8 25. Ne2 Qb8 26. Nd7 Nxd7 27. exd7 Be6 28. Nd4 Bxd7 1/2-1/2

[Event "Unterfranken-ch HA 49th"]
[Site "Rieneck"]
[Date "1998.??.??"]
[Round "7"]
[White "Breitenbach, Joachim"]
[Black "Gold, Stefan"]
[Result "1-0"]
[WhiteElo "1805"]
[BlackElo "1740"]
[PlyCount "73"]
[EventDate "1998.04.13"]
[EventType "swiss"]
[EventRounds "9"]
[EventCountry "GER"]
[SourceTitle "EXT 2004"]
[Source "ChessBase"]
[SourceDate "2003.11.25"]
[SourceVersion "1"]
[SourceVersionDate "2003.11.25"]
[SourceQuality "1"]

1. e4 e6 2. d4 d5 3. Bd3 dxe4 4. Bxe4 Nf6 5. Bf3 c5 6. Ne2 Nc6 7. Be3 Bd7 8. dxc5 Ne5 9. Bxb7 Rb8 10. c6 Nxc6 11. Bxc6 Bxc6 12. Qxd8+ Kxd8 13. Nbc3 a6 14. 0-0-0+ Ke8 15. f3 Be7 16. Bf4 Rb7 17. Ng3 Nd5 18. Nxd5 Bxd5 19. b3 f6 20. Ne4 Bxe4 21. fxe4 e5 22. Be3 Ba3+ 23. Kb1 Ke7 24. Rd5 Rc8 25. Rhd1 Rc6 26. Bc1 Bxc1 27. Kxc1 Rc3 28. R1d3 Rc6 29. c4 Ke6 30. g4 g6 31. Rf3 Ra7 32. Kb2 a5 33. Kc3 Ra8 34. c5 Ra7 35. Kc4 Rb7 36. a3 Rb8 37. Rfd3 1-0